00445nam a2200157Ia 4500008004100000020002200041041000800063082001600071100003100087245004600118250001100164260006500175300001000240500001800250650001900268260520s2025 xx 000 0 und d a978-81-959593-1-0 amar a891.461/JOS aजोशी, वैभव aकाळ सरकत राहिला a4th ed aपुणेbरसिक आंतरभारतीc2025 a118p. aCat No: 14894 aMARATHI POETRY